Normal view
MARC view
- Robina Qamar
Entry Personal Name
001 - CONTROL NUMBER
- control field: 17788
003 - CONTROL NUMBER IDENTIFIER
- control field: NUST
005 - DATE AND TIME OF LATEST TRANSACTION
- control field: 20190716072837.0
008 - FIXED-LENGTH DATA ELEMENTS
- fixed length control field: 190716|| aca||aabn | a|a d
040 ## - CATALOGING SOURCE
- Original cataloging agency: NUST
- Transcribing agency: NUST
100 ## - HEADING--PERSONAL NAME
- Personal name: Robina Qamar
670 ## - SOURCE DATA FOUND
- Source citation: Work cat.: (NUST): Robina Qamar, Hakeem Abdul Kareem Samar, 1998.
